LEADER 00573naa a2200157 i 4500 001 000000298732 003 CaOOAMICUS 005 20180831172630.0 008 180831n xx u000 u und u 013 $a6342 040 $aSeMil$bita 100 1 $aCremoncini, Vodia Maria.$0(OLS)http://semarc/name/69321 245 10$aSezione migrazioni interne pendolari. 650 4$aDonna.$0(OLS)http://semarc/subject/7169 773 0 $tDonna nei movimenti migratori.$dMilano : Vita e Pensiero, stampa 1964.$w()66035 996 $6245$aSezione migrazioni interne pendolari$9(OLS)http://semarc/title/374748 LEADER 01255nam a2200241 i 4500 001 000000021234 003 CaOOAMICUS 005 20250827161129.0 008 180830s19761985xxk u000 u mul u 040 $aSeMil$bita 245 14$aThe apostolic fathers /$cwith an english translation by Kirsopp Lake. 260 $aLondon ; Melbourne ; Toronto :$bWilliam Heinemann,$c1976-1985. 264 1$aCambridge, Massachusetts :$bHarvard University Press ;$aLondon :$bHeinemann,$c1976-1985. 300 $a2 v. ;$c17 cm. 546 $aTesto in inglese e greco 700 1 $aLake, Kirsopp,$d<1872-1946>.$0(OLS)http://semarc/name/8149 774 0 $t1: 1. Clement ; 2. Clement ; Ignatius ; Polycarp ; Didache ; Barnabas.$kLoeb Classical Library$g1$w()179225 774 0 $t2: The shepherd of Hermas ; The martyrdom of Polycarp ; The epistle to Diognetus.$kLoeb Classical Library$w()179226 996 $6245$aThe apostolic fathers$9(OLS)http://semarc/title/28081 996 $6260$aLondon ; Melbourne ; Toronto :$bWilliam Heinemann$9(OLS)http://semarc/publisher/30205 996 $6264$aCambridge, Massachusetts :$bHarvard University Press$9(OLS)http://semarc/publisher/30206 996 $6264$aLondon :$bHeinemann$9(OLS)http://semarc/publisher/58753